Language and Slavery (Record no. 20636)

MARC details
000 -LEADER
fixed length control field 00582nam a2200133Ia 4500
008 - FIXED-LENGTH DATA ELEMENTS--GENERAL INFORMATION
fixed length control field 220616s9999||||xx |||||||||||||| ||und||
100 ## - MAIN ENTRY--PERSONAL NAME
Personal name Arends, Jacques
245 #0 - TITLE STATEMENT
Title Language and Slavery
Remainder of title A social and linguistic history of the Suriname creoles (Volume 52)
546 ## - LANGUAGE NOTE
Language note English[eng]
650 ## - SUBJECT ADDED ENTRY--TOPICAL TERM
Topical term or geographic name entry element Language Arts & Disciplines||Linguistics||Historical & Comparative||Language Arts & Disciplines||Linguistics||Technology & Engineering||Agriculture
700 ## - ADDED ENTRY--PERSONAL NAME
Personal name Cremers, Crit
856 ## - ELECTRONIC LOCATION AND ACCESS
Uniform Resource Identifier <a href="https://library.oapen.org/bitstream/20.500.12657/46547/1/external_content.pdf">https://library.oapen.org/bitstream/20.500.12657/46547/1/external_content.pdf</a>
942 ## - ADDED ENTRY ELEMENTS (KOHA)
Koha item type E-Books
Holdings
Withdrawn status Lost status Damaged status Not for loan Home library Current library Date acquired Total Checkouts Date last seen Price effective from Koha item type
        Kerala University of Digital Sciences, Innovation and Technology Knowledge Centre Kerala University of Digital Sciences, Innovation and Technology Knowledge Centre 16/06/2022   16/06/2022 16/06/2022 E-Books